| 000 | 00550nam a2200169 i 4500 | ||
|---|---|---|---|
| 001 | 87694 | ||
| 003 | ES-MaACL | ||
| 005 | 20230906175725.0 | ||
| 007 | t| | ||
| 008 | 041223s1932 fr ||||1| fre d | ||
| 100 | 1 |
_aLabriola, Arturo. _969293 |
|
| 245 | 1 | 0 |
_aAu delá du capitalisme et du socialisme / _cArturo Labriola ; traduit de l'italien par Stefan Priacel. |
| 260 |
_aParis : _bValois, _c1932 ( _ePoitiers : _fSociété Français d'Imprimerie) |
||
| 300 |
_a285 p. ; _c20 cm. |
||
| 700 | 1 |
_aPriacel, Stefan. _993830 |
|
| 852 |
_aES-MaACL _jA-1551 |
||
| 999 |
_c87694 _d87694 |
||